000 00252nam a2200109Ia 4500
008 220204s9999 xx 000 0 und d
082 _a82-3
100 _aAragones
245 0 _aViva mad
260 _aNew Jersy
_bNew American Library
_c1970
942 _cBK
999 _c35734
_d35734